| 000 | 00448cam a22001457a 4500 | ||
|---|---|---|---|
| 008 | 180718b2000 xxu||||| |||| 00| 0 eng d | ||
| 020 | _a0878559493 | ||
| 082 | _aB53 P216 | ||
| 100 | _aPareto, Vilfredo | ||
| 245 |
_aTransformation of democracy _cby Vilfredo Pareto; edited by Charles H. Powers; translated by Renata Girola |
||
| 260 |
_aNew Brunswick _bTransaction _c2000 |
||
| 300 | _a93p. | ||
| 650 | _aDemocracy. | ||
| 700 | _aPowers, Charles H. | ||
| 999 |
_c396570 _d396570 |
||